书目信息 |
| 题名: |
西安的前世与今生
|
|
| 作者: | 郑旺全 , 韦林 主编 ;人民教育出版社 , 圣智学习公司 编著 | |
| 分册: | ||
| 出版信息: | 北京 人民教育出版社 2022 |
|
| 页数: | 24页 | |
| 开本: | 24cm | |
| 丛书名: | 中国读本丛书 | |
| 单 册: | ||
| 中图分类: | H319.4 , K92 | |
| 科图分类: | ||
| 主题词: | 英语--语言读物 , 中国--概况 | |
| 电子资源: | ||
| ISBN: | 978-7-107-36533-1 | |
| 000 | 01227nam 2200325 450 | |
| 001 | 012024000042 | |
| 005 | 20240924225023.0 | |
| 010 | @a978-7-107-36533-1@dCNY19.90 | |
| 100 | @a20240924d2022 cd y0chiy50 ea | |
| 101 | 1 | @aeng@achi |
| 102 | @aCN@b110000 | |
| 105 | @aa z 000yy | |
| 106 | @ar | |
| 200 | 1 | @a西安的前世与今生@Axi an de qian shi yu jin sheng@e英文@dXi'an:Past and present@f郑旺全,Robert Waring主编@g人民教育出版社,(美国)圣智学习公司编著@zeng |
| 210 | @a北京@c人民教育出版社@d2022@h2023重印 | |
| 215 | @a24页@c图@d24cm | |
| 225 | 2 | @a中国读本丛书@h第一辑@e智慧与信仰 |
| 330 | @a举世瞩目的春运承载着中国人对“家”的眷恋。丰富多彩、富有人情味的春节习俗,传递着中国人民追求团圆和睦、以及孝老爱亲的传统美德。 | |
| 410 | 0 | @12001 @a中国读本丛书 |
| 510 | 1 | @aXi'an:Past and present@zeng |
| 606 | 0 | @a英语@j语言读物 |
| 606 | 0 | @a中国@x概况 |
| 690 | @aH319.4@v5 | |
| 690 | @aK92@v5 | |
| 701 | 0 | @a郑旺全@Azheng wang quan@4主编 |
| 701 | 1 | @a韦林@Awei lin@gWaring, Robert@4主编 |
| 712 | 02 | @a人民教育出版社@Aren min jiao yu chu ban she@4编著 |
| 712 | 02 | @c(美国)@a圣智学习公司@Asheng zhi xue xi gong si@4编著 |
| 801 | 0 | @aCN@bAHXH@c20240924 |
| 905 | @b214131474@b214131483@dH319.4@e2280@f2 | |
| 西安的前世与今生:英文=Xi'an:Past and present/郑旺全,Robert Waring主编/人民教育出版社,(美国)圣智学习公司编著.-北京:人民教育出版社,2022(2023重印) |
| 24页:图;24cm.-(中国读本丛书.第一辑:智慧与信仰) |
| ISBN 978-7-107-36533-1:CNY19.90 |
| 举世瞩目的春运承载着中国人对“家”的眷恋。丰富多彩、富有人情味的春节习俗,传递着中国人民追求团圆和睦、以及孝老爱亲的传统美德。 |
| ● |
| 相关链接 |
|
|
|
|
正题名:西安的前世与今生
索取号:H319.4/2280
 
预约/预借
| 序号 | 登录号 | 条形码 | 馆藏地/架位号 | 状态 | 备注 |
| 1 | 1413147 | 214131474 | 第二样本阅览室/ [索取号:H319.4/2280] | 在馆 | |
| 2 | 1413148 | 214131483 | 第四借阅区/ [索取号:H319.4/2280] | 在馆 |